000 00782nam a22002297a 4500
003 OSt
005 20251215025257.0
008 251215b |||||||| |||| 00| 0 eng d
020 _a978-621-8035-55-3
040 _aDWC-Main lib.
_cOC
082 _aFil. 371.102 P948t 2019
100 _aPrieto, Nelia G.
245 _aThe teacher and the community,
_bSchool culture and organizational leadership./
_cNelia G. Prieto
260 _aQuezon City :
_bLorimar Publishing ,
_cc2019.
300 _axiv , 153 pages :
_billustrations ;
_c26cm.
650 _a1. Teachers-- Professionals ethics.
650 _a2. Teaching -- Moral and ethics aspect.
650 _a3. Teaching-- Philosophy.
700 _aArcangel, Clotilde
700 _aCorpuz, Brenda
942 _2ddc
_cBK - FIL
_kFil.
_n0
999 _c7072
_d7072